| 000 | 005320000a22001930004500 | ||
|---|---|---|---|
| 003 | LK-CoMWRAF | ||
| 005 | 20231022151113.0 | ||
| 008 | 230817t ||||| |||| 00| 0 eng d | ||
| 020 | _a1891229532 | ||
| 040 |
_aLK-CoMWRAF _dLK-CoMWRAF _eLK-CoMWRAF |
||
| 041 | _aeng | ||
| 082 |
_a297.577 _bALJ |
||
| 100 | _aAl-Jibaly, Muhammad | ||
| 245 |
_aThe Fragile vessels : _bRights and obligations between the spouses in Islam |
||
| 260 |
_bAl kitab & as-sunnah, _c2002 |
||
| 300 | _a165p | ||
| 490 | _aThe Muslim family - 3 | ||
| 942 | _cBK | ||
| 999 |
_c975 _d975 |
||